Lebanon or Libya? - Statistics

General Stats
  • This quiz has been taken 328 times
  • The average score is 12 of 15
Answer Stats
Question Answer % Correct
Whose capital is Beirut? Lebanon!
100%
Which country has a larger area? Libya!
100%
Which country has more neighbors? Libya!
100%
Dinar is the monetary unit of which of these countries? Libya!
100%
Which country had the flag only green in the years 1977 - 2011? Libya!
100%
The moon and star are the symbols of which of these countries? Libya!
100%
Which country is on the Mediterranean? Both!
93%
Whose emblem has the same design as the flag? Lebanon!
93%
Which country has the smaller population? Lebanon!
80%
Koullouna Lilouataan is the anthem of which country? Lebanon!
80%
Islam is the dominant religion in which of these countries? Both!
73%
Which country gained independence from France? Lebanon!
73%
Which of these countries was part of Phenicia in ancient times? Lebanon!
67%
Which country has higher GDP? Lebanon!
47%
Whose capital is Tripoli? Lebanon!
7%
No matching quizzes found
Score Distribution
Percent of People with Each Score
Percentile by Number Answered
Your Score History
You have not taken this quiz